| 000 | 00839nam a2200241 a 4500 | ||
|---|---|---|---|
| 001 | 000019542 | ||
| 005 | 20240417100501.0 | ||
| 008 | 100630s2007 cu 000 0 spa d | ||
| 020 | _a9789591012289 | ||
| 040 |
_aDO-SdBNP _bspa _cBNPHU |
||
| 082 |
_aCu 861.44 _bG958l |
||
| 100 | 1 |
_aGuillén, Nicolás, _d1902-1989 _95891 |
|
| 245 | 1 | 3 |
_aEl libro de los sones / _cNicolás Guillén ; selección, prólogo y notas Ángel Augier ; edición Eliana Dávila. |
| 250 | _a4a ed. | ||
| 260 |
_aLa Habana : _bLetras cubanas, _c2007. |
||
| 300 |
_a171 p. ; _c19 cm. |
||
| 504 | _aIncluye referencias bibliográficas y notas al pie de las páginas | ||
| 650 | 0 |
_aPoesía dominicana _966 |
|
| 650 | 0 |
_aLiteratura dominicana _981037 |
|
| 700 | 1 |
_aAngier, Áugel, _esel.,y pról., _941949 |
|
| 700 | 1 |
_aDávila, Eliana, _eed. _911227 |
|
| 049 | _aBNPD | ||
| 999 |
_c19058 _d19058 |
||